000 01079nam a22002777a 4500
005 20240530110900.0
008 160329s2010 le g b 000 0 ara d
020 _a9789953822990
040 _aEG-CaGPL
082 0 4 _221
_a303.625/
_bس م
100 1 _aسين، كاستورى
245 1 0 _aالمجتمع المدنى والحرب على الارهاب /
_c كاستورى سين، تيم موريس ؛ ترجمة حازم ابراهيم
250 _aط1.
260 _aبيروت :
_bمركز دراسات الوحدة العربية ،
_c2010 .
300 _a224 ص ؛
_c24 سم .
504 _aيشتمل على ارجاعات ببليوجرافية
650 0 7 _aجرائم ضد الانسانية
_2qrmak
650 0 7 _aالتخريب والتدمير
_2qrmak
650 0 7 _2qrmak
_aالارهاب
650 0 7 _aالاغتيال
_2qrmak
653 0 _aالارهاب - مكافحة
700 1 _aموريس، تيم
_eمؤلف مشارك
700 0 _aحازم ابراهيم
_eمترجم
942 _2ddc
_cBK
999 _c66105
_d66105